FAO yearbook. Fishery statistics : Capture production

Spremljeno u:
Bibliografski detalji
Autor kompanije: FAO
Format: Knjiga
Jezik:Undetermined
Izdano: Rome, Italy FAO 2003
Teme:
Oznake: Dodaj oznaku
Bez oznaka, Budi prvi tko označuje ovaj zapis!
Thư viện lưu trữ: Trung tâm Học liệu Trường Đại học Cần Thơ
LEADER 00509nam a2200205Ia 4500
001 CTU_130276
008 210402s9999 xx 000 0 und d
082 |a 338.3727 
082 |b F686/Vol.96/1 
110 |a FAO 
245 0 |a FAO yearbook. Fishery statistics : 
245 0 |b Capture production 
245 0 |c FAO 
260 |a Rome, Italy 
260 |b FAO 
260 |c 2003 
650 |a Fisheries 
650 |x Statistics 
904 |i Minh 
980 |a Trung tâm Học liệu Trường Đại học Cần Thơ